000 00702cab a2200241 4500
001 WB2627-30
008 090401t1990 xxu||||| |||| 00| 0 eng d
035 _a(Sirsi) u9568
041 _aeng
245 _aEast Berlin property scene
260 _c1990
350 _a0
490 _aIndependent
_v9/7/90 p8
490 _aEuropean
_v6/7/90 p21(2)
520 _aDemand for property in East Berlin is growing but speculators are hampered so far by the law forbidding West Germans to buy property in the East for domestic use.
650 _aEASTERN EUROPE
650 _aGERMANY
650 _aHOUSING
650 _aUNIFICATION
690 _aOVERSEAS-EUROPE
942 _n0
948 _c04/03/1997
999 _c5993
_d5993